00606nam a2200193Ia 4500008004100000020001400041082001500055100001600070245002400086250000700110260003800117300003100155500001900186600002100205650005000226942000700276952011400283999001500397240925s9999 xx 000 0 und d a201570785 a005.43 PAR aParker, Tim 0aUnix Survival Guide aNA aBoston:bAddison - Wesleyc,1990. axxviii,508p.bNAfOriginal aIncludes Index aComputer Science aComputer science, information & general works cBK 001040708CSaUITUbUITUd2000-07-28eNAg195.00l0o005.43 PARpQ2509r2024-09-25 07:12:49w2024-09-25yBK c5008d5008